Sports Quiz

Random Sports or Logo Quiz

Pixelated NFL Logos Quiz Stats

 Plays Quiz Updated Jun 10, 2016

Challenge
Share
Tweet
Score 0/32 Timer 07:00
0 Plays Today
% Correct
Los Angeles Rams
99.1%
San Francisco 49ers
95.7%
Indianapolis Colts
95.3%
Green Bay Packers
95.1%
Miami Dolphins
94.9%
Denver Broncos
94%
Buffalo Bills
92.9%
Washington Redskins
92.8%
New York Jets
92.7%
Tennessee Titans
92%
Baltimore Ravens
91.3%
Cleveland Browns
90.7%
Houston Texans
90.5%
Carolina Panthers
89.8%
Pittsburgh Steelers
89.8%
Cincinnati Bengals
89.3%
% Correct
Kansas City Chiefs
88.7%
Arizona Cardinals
87.5%
Seattle Seahawks
87%
New Orleans Saints
86.6%
Minnesota Vikings
86.6%
Tampa Bay Buccaneers
85.8%
Atlanta Falcons
85.7%
Philadelphia Eagles
85.5%
New England Patriots
85.4%
Los Angeles Chargers
85%
Detroit Lions
85%
Dallas Cowboys
84.9%
Oakland Raiders
84.3%
Chicago Bears
83.3%
Jacksonville Jaguars
83.1%
New York Giants
81.6%

You're not logged in!

Compare scores with friends on all Sporcle quizzes.
OR
Log In

You Might Also Like...

Show Comments

Extras

Top Quizzes Today


Score Distribution

Your Account Isn't Verified!

In order to create a playlist on Sporcle, you need to verify the email address you used during registration. Go to your Sporcle Settings to finish the process.

Report this User

Report this user for behavior that violates our Community Guidelines.

Details: